000 01815nam0a2200385 4500
001 RU\NLR\bibl\500211
005 20260406155820.0
010 _a5-9550-0244-8
_bв пер.
021 _aRU
_b2003-63498
_93113
035 _aRSL-KNO-002380228
035 _a(NLR Aleph) 000492816
090 _a1124467
_c1124467
100 _a20031112d2003 |||y0rusy50 ca
101 1 _arus
_ceng
102 _aRU
105 _ay zzzz000zy
106 _ar
200 1 _aДаосские секреты любви
_eСексуал. секреты, которые следует знать каждому мужчине
_fМантэк Чиа, Дуглас Абрамс Арава
_g[Пер. с англ.: В. Трилис и др.]
210 _aМ. [и др.]
_cСофия
_d2003
_eОАО Яросл. полигр. комб.
215 _a284, [2] с.
_cил., табл.
_d21
300 _aНа обл. авт.: Мантэк Чиа
606 0 _aСексуальность у мужчин
_jПопулярная литература
_92086375
_3RU\NLR\auth\661262508
606 0 _aМужчины
_jПопулярные издания
_xСексуальность
_92094629
_3RU\NLR\auth\661267465
606 0 _aПоловая жизнь мужчины
_jПопулярная литература
_92080639
_3RU\NLR\auth\661256584
606 0 _aМужчины
_jПопулярные издания
_xПоловая жизнь
_92080638
_3RU\NLR\auth\661256583
686 _aР701.1я9
686 _aР702я9
700 1 _4070
_8rus
_7ca
_aЧиа
_bМ.
_f1944-
_gМантэк
_3RU\NLR\auth\777960
_9117882
701 1 _aАрава
_bД. А.
_gДуглас Абрамс
_4070
801 0 _aRU
_bRuMoRKP
_c20031112
_gPSBO
801 1 _aRU
_bRuMoRKP
_c20031112
801 2 _aRU
_bNLR
_c20040315
_gPSBO
942 _cBOOK
980 _aNB